| 000 | 01084cam a22001694a 4500 | ||
|---|---|---|---|
| 005 | 20250605163659.0 | ||
| 008 | 250528s ||||||||||||||||||||||||d | ||
| 035 | _a24204 | ||
| 040 |
_aGR-AtMCL _bgre _dGR-AtMCL _eAACR2 |
||
| 245 | 1 | _aΓια μία Κοινωνική Διάσταση στην Κοινότητα | |
| 260 |
_bΔιοικητική Μονάδα 'Εκδόσεις' _bΟπτικοακουστικός Τομέας, Πληροφόρηση, Επικοινωνία Και Πολιτιστικά Θέματα, _c1993 |
||
| 300 | _a8 | ||
| 520 | _aΑντιμετωπίζοντας την Πρόκληση, Το Ευρωπαϊκό Κοινωνικό Ταμείο, Ο Κοινωνικός Χάρτης, Προστασία των Εργαζομένων, Ίση Μεταχείριση, Δικαίωμα Πληροφόρησης και Διαβούλευσης και Συμμετοχής των Εργαζομένων, Η Συνθήκη του Μάαστριχτ, Ο Κοινωνικός Διάλογος. | ||
| 942 | _cCR | ||
| 999 |
_c9098 _d9098 |
||